000 00572cam a22002053a 4500
001 42307
003 PGUSA
005 20140828083944.0
008 130311s2013||||xxu|||||s|||||000 | eng d
040 _aPGUSA
_beng
042 _adc
100 1 _aCastlemon, Harry,
_d1842-1915
245 1 0 _aFrank in the Woods
_h[electronic resource] /
_cHarry Castlemon
260 _bProject Gutenberg,
_c2013
506 _aPublic domain in the USA.
516 _aElectronic text
830 0 _aProject Gutenberg
_v42307
856 4 0 _uhttp://www.gutenberg.org/ebooks/42307
942 _cEB
999 _c271559
_d271559